| 000 -LEADER |
| fixed length control field |
00838nam a22002177a 4500 |
| 008 - FIXED-LENGTH DATA ELEMENTS--GENERAL INFORMATION |
| fixed length control field |
150713b xxu||||| |||| 00| 0 alb d |
| 020 ## - INTERNATIONAL STANDARD BOOK NUMBER |
| International Standard Book Number |
9951413285 |
| 041 0# - LANGUAGE CODE |
| Language code of text/sound track or separate title |
alb |
| 080 ## - UNIVERSAL DECIMAL CLASSIFICATION NUMBER |
| Universal Decimal Classification number |
352/354 |
| 100 ## - Rafti |
| Rafti |
Stavileci, Esat ; |
| 245 ## - TITLE STATEMENT |
| Title |
Nocione dhe parime të administratës publike : |
| Statement of responsibility, etc |
Esat Stavileci. |
| 260 ## - |
| -- |
Prishtinë : |
| -- |
Akademia e Shkencave dhe Arteve e kosovës, (Grafoprint) |
| -- |
2005. |
| 300 ## - |
| -- |
378 f. ; |
| -- |
24 cm. |
| 500 ## - |
| -- |
( ASHAK Botime të veçanta LXV : Seksioni i Shkencave Shoqërore ; Libri 19 ) |
| 505 ## - |
| -- |
Bibliografi : f.369-373 |
| 650 #0 - |
| -- |
Administratë |
| 650 #0 - |
| -- |
Publike |
| 650 #0 - |
| -- |
Metodologji |
| 650 #0 - |
| -- |
Krahasim |
| 942 ## - ADDED ENTRY ELEMENTS (KOHA) |
| Source of classification or shelving scheme |
|
| Item type |
Books |